00502nam a22001457a 4500020000800000040001600008082001300024100005000037245007100087260004100158300002900199942001300228999001900241952009600260 qHB. cFIZZA ISHAQ a031bGRO a Jeffrey H. Hacker, Bernard S. Cayne.9134328 aEncyclopedia Yearbook, 1988 /cBernard S. Cayne Jeffrey H. Hacker. aNew York:bGrolier Yearbook ,c1988. a608 p. : ill. ; c26 cm 2ddccENC c617310d617310 00102ddc4070aNQCbNQCcREFd2026-05-06o031 GROpQD-347r2026-05-06t3w2026-05-06yENC